Sports Quiz

Random Sports or Football Quiz

Premier League Stevens Quiz Stats

 Plays Quiz not verified by Sporcle

Score 0/12 Timer 01:30
2 Plays Today
% Correct
Steven Gerrard
96.7%
Steven Pienaar
93.4%
Steve Bruce
91.6%
Steve McManaman
91.2%
Stephen Ireland
90.1%
Steve Stone
85.2%
Steve Sidwell
85.2%
Steve Finnan
85%
Steven Davis
84.1%
Stephen Carr
83.5%
Stephen Warnock
77.2%
Steve Lomas
75.9%

You're not logged in!

Compare scores with friends on all Sporcle quizzes.
OR
Log In

Show Comments

Extras

Top Quizzes Today


Score Distribution

Your Account Isn't Verified!

In order to create a playlist on Sporcle, you need to verify the email address you used during registration. Go to your Sporcle Settings to finish the process.

Report this User

Report this user for behavior that violates our Community Guidelines.

Details: